Score 0/20 Timer 04:00
4 Plays Today
% Correct
Mustang
78.1%
Apollo
74.4%
March
73.1%
Diamond
72%
St. Paul
67.6%
Taurus
66.5%
Arabian
65.2%
Gemini
64%
November
58.8%
Java
58.2%
% Correct
Delta
57.5%
Earth
51.9%
Peter
49%
Lincoln
45.4%
United
44.4%
Battleship
42.4%
Ruby
38.8%
Simon
35.5%
Fire
33.4%
Uranus
31.8%
Remove Ads.
Support Sporcle.
Get the best of Sporcle when you Go Orange. This ad-free experience offers more features, more stats, and more fun while also helping to support Sporcle. Thank you for becoming a member.

You're not logged in!

Compare scores with friends on all Sporcle quizzes.
OR
Log In

Show Comments

Extras

Top Quizzes Today


Score Distribution

Your Account Isn't Verified!

In order to create a playlist on Sporcle, you need to verify the email address you used during registration. Go to your Sporcle Settings to finish the process.

Report this User

Report this user for behavior that violates our Community Guidelines.

Details: